| 000 | 00730nam a2200241 a 4500 | ||
|---|---|---|---|
| 008 | 951214s1988||||[C 0 slo c | ||
| 020 |
_c30 Kčs. _q(6000 výtl.) |
||
| 040 |
_aSNK _bslo _cSNK _eAACR2 |
||
| 041 | 1 |
_aslo _hscc |
|
| 044 |
_axo _cSK |
||
| 080 | _a886.1-3 | ||
| 100 | 1 |
_aLuki, Sveta _4aut |
|
| 245 | 1 | 0 |
_aFreska v manzarde _cSveta Luki ; Jarmila Samcová, Jarmila Samcová, Adela Jakabová, Ján Kvapil |
| 260 |
_aPravda _bBratislava _c1988 _eBratislava _fPravda |
||
| 300 | _c21 cm | ||
| 490 | 0 | _aMaják | |
| 500 | _aIlustr. na front. a predsádkach. | ||
| 700 | 1 |
_aSamcová, Jarmila _4trl |
|
| 700 | 1 |
_aSamcová, Jarmila _4[ADC] |
|
| 700 | 1 |
_aJakabová, Adela _4bkd |
|
| 700 | 1 |
_aKvapil, Ján _4oth |
|
| 958 | _aA | ||
| 999 |
_c12150 _d12150 |
||